Počítačová typografie a design dokumentů. : Průvodce světem tvorby dokumentů. /
Uložené v:
| Hlavný autor: | |
|---|---|
| Médium: | Kniha |
| Jazyk: | Czech |
| Vydané: |
Praha :
Grada Publishing, spol. s r.o.,
1997
|
| Vydanie: | 1. vyd. |
| Témy: | |
| ISBN: |
(brož.) |
| Fyzický popis: |
279 s. |
| Tagy: |
Pridať tag
Žiadne tagy, Buďte prvý kto otaguje tento záznam!
|
Titul je dostupný aj v ... 

MARC
| LEADER | 00000nam a2200000 a 4500 | ||
|---|---|---|---|
| 001 | 000028521 | ||
| 003 | SVKK | ||
| 005 | 19980212000000.0 | ||
| 008 | 971017s1997 cs e czeo | ||
| 020 | |a (brož.) | ||
| 040 | |a SVKKK |b slo |c SVKKK |e AACR2 | ||
| 041 | 0 | |a cze | |
| 044 | |a cs |c CS | ||
| 080 | |a 681.3:033.3(035) |2 1997 | ||
| 080 | |a 681.3:655.26(035) |2 1997 | ||
| 080 | |a 681.3:655.1/.3 |2 1997 | ||
| 100 | 1 | |a Horný, Stanislav |4 aut | |
| 245 | 1 | 0 | |a Počítačová typografie a design dokumentů. : |b Průvodce světem tvorby dokumentů. / |c Stanislav Horný |
| 250 | |a 1. vyd. | ||
| 260 | |a Praha : |b Grada Publishing, spol. s r.o., |c 1997 | ||
| 300 | |a 279 s. | ||
| 653 | 0 | |a typografia počítačová |2 SVKKKPH | |
| 653 | 0 | |a príručky |2 SVKKKPH | |
| 655 | 7 | |a monografie |2 SVKKKPH | |
| 910 | |a svkkk | ||
| 974 | |a MI |d 19971124 | ||
| 974 | |a DB |d 19971229 | ||
| 974 | |a EG |d 19980212 | ||
| 998 | |a BK | ||
| 090 | |g SCKHL |k Sklad Pribinova prízemie |a IV.176663 |j 911933 |i 2720069936 |s Absenčne | ||